|
|
|
|
| LEADER |
00000cam a2200000 a 4500 |
| 001 |
vtls001149788 |
| 003 |
SK-MaSNL |
| 005 |
20260224015018.0 |
| 008 |
210928s1990 xr a 00000 cze |
| 020 |
|
|
|a 8070330546
|q (viaz.)
|
| 035 |
|
|
|a SNK000092650
|
| 040 |
|
|
|a SNK
|b slo
|c SNK
|e AACR2
|
| 041 |
0 |
|
|a cze
|
| 044 |
|
|
|a xr
|c CZ
|
| 245 |
0 |
|
|a Pravidla sportovní gymnastiky /muži/
|b platná od 1.1.1989
|
| 250 |
|
|
|a 1. čes. vyd.
|
| 260 |
|
|
|a Praha
|b Olympia
|c 1990
|e Brno
|f Typografie
|
| 300 |
|
|
|a 268, [2] s.
|
| 366 |
|
|
|e 2200 výtl.
|
| 852 |
|
|
|a Slovenská národná knižnica v Martine
|b 10000
|h IC 116668
|
| 919 |
|
|
|a 80-7033-054-6
|
| 958 |
|
|
|a OND
|
| 999 |
|
|
|c 795196
|d 797126
|
| 952 |
|
|
|a SNK
|b SNK
|y VYP
|7 0
|p 17A0369462
|o snkIC 116668 D1
|i snkKIP 944/91
|0 0
|1 1
|4 0
|d 2002-12-09
|l 0
|r 2005-01-01 00:00:00
|w 2026-02-24
|
| 952 |
|
|
|a SNK
|b SNK
|y VYP
|7 0
|p 17A1189222
|o snkIC 116668
|i snkKIP 943/91
|3 rekatalogizácia
|0 0
|1 0
|4 0
|d 2018-02-19
|l 0
|r 2026-02-24 01:50:18
|w 2026-02-24
|